000 00346nam a2200145Ia 4500
008 100122s9999 xx 000 0 und d
082 _b7163
_a823
100 _aHALBERT FOOTNER
245 _aWHO KILLED THE HUSBAND
260 _c1956
300 _a50
630 _aWHO KILLED THE HUSBAND
730 _aWHO KILLED THE HUSBAND
942 _cBOOK
999 _c443505
_d443502